[Event "Helsinki op"]
[Site "Helsinki"]
[Date "1992.??.??"]
[Round "8"]
[White "Kiselev, Sergey"]
[Black "Shneider, Aleksandr"]
[Result "1-0"]
[WhiteElo "2530"]
[BlackElo "2545"]
[Annotator "Dautov,R"]
[PlyCount "118"]
[EventDate "1992.09.??"]
[EventType "swiss"]
[EventRounds "9"]
[EventCountry "FIN"]
[SourceTitle "CBM 032"]
[Source "ChessBase"]
[SourceDate "1993.02.01"]
[SourceVersion "1"]
[SourceVersionDate "1993.02.01"]
[SourceQuality "1"]

1. d4 Nf6 2. c4 e6 3. Nf3 b6 4. g3 Ba6 5. b3 Bb4+ 6. Bd2 Be7 7. Nc3 O-O 8. e4
d5 9. cxd5 Bxf1 10. Kxf1 exd5 11. e5 Ne4 12. Kg2 Qd7 13. Qe2 Nxc3 14. Bxc3 c5 (
14... Nc6) 15. Rhe1 (15. e6 Qxe6 16. Qxe6 fxe6 17. Rhe1 Bf6 18. Rxe6 Na6 19.
Rae1 Nc7 20. R6e2 Nb5 21. Bb2 cxd4 22. Rd2 Rae8 23. a4 Nc3 24. Rxe8 Rxe8 25.
Nxd4 Ne4 {Ribli,Z-Browne,W Thessaloniki(ol) 1984}) (15. Rad1 Nc6 16. Rd2 Qe6
17. Rhd1 Rad8 18. Qe3 Rfe8 19. Bb2 h6 $10 20. Ne1) 15... Qe6 16. Rad1 (16. Ng1
Nc6 17. dxc5 $6 d4 $1 18. Bd2 Bxc5 19. Qe4 Rfe8 20. f4 Rad8 21. Nf3 d3 22. Ng5
Qd5 23. Rac1 Nd4 24. b4 Be7 25. Nf3 Qxe4 26. Rxe4 Nc2 $15 {Agdestein,S-Karpov,
An Gjovik(m/2) 1991 52/525}) 16... Nc6 17. Ng1 cxd4 18. Bxd4 Bb4 19. Rf1 f6 $2
(19... Nxd4 $142 20. Rxd4 Bc3 21. Rh4 (21. Rd3 Qxe5 22. Qxe5 Bxe5 23. Rxd5 Bf6
$10) 21... Qxe5 (21... Bxe5 $2 22. Qh5 h6 23. Re1 f6 24. f4 $18) 22. Qd3 g6 23.
Nf3 Qg7 24. Qxd5 Rfd8 $10) 20. exf6 Qxe2 21. Nxe2 gxf6 22. Nf4 $16 Kf7 23. Nxd5
Nxd4 24. Rxd4 Bc5 25. Rd2 a5 26. Rfd1 Rfd8 27. Kf3 Rd6 28. Nf4 Rxd2 29. Rxd2
Ra7 30. Kg4 a4 31. bxa4 (31. Kf5 $142 axb3 32. axb3 $18) 31... Rxa4 32. Kf5 Be7
33. Nd5 Ra5 34. f4 Bb4 35. Rd3 Be7 36. g4 Bf8 (36... Rxa2 37. Rh3 Bf8 38. Rxh7+
Bg7 39. Nxb6 Ra5+ 40. Ke4 $18) 37. h4 h6 $2 (37... Be7 $142 38. g5 fxg5 39.
hxg5 Bf8 $16 40. Kg4 Rxa2) 38. h5 {><g6} Bd6 (38... Be7 39. Rd4 Rxa2 40. Nxe7
Kxe7 41. Kg6 $18) 39. Rd4 Bc5 40. Rc4 Bd6 41. Ke4 Bc5 42. a4 $18 Ke6 43. Nc7+
Kd7 44. Nb5 Ke6 45. Nc3 Ra8 46. Ne2 {/\Ng3-f5} Rg8 47. a5 Kd6 48. Ng3 (48. axb6
Bxb6 49. Kf5 Bd8 50. Nc3 $18) 48... Rxg4 49. Nf5+ Kc6 50. axb6 Kxb6 51. Kf3 Rg8
52. Re4 Kc7 53. Re6 Bf8 54. Ke4 Bb4 55. Nxh6 Kd7 56. Rb6 Rh8 57. Nf7 Re8+ 58.
Kf5 Bc3 59. h6 Ke7 1-0

[Event "Moscow Alekhine op"]
[Site "Moscow"]
[Date "1992.??.??"]
[Round "?"]
[White "Sturua, Zurab"]
[Black "Arkhipov, Sergey"]
[Result "0-1"]
[WhiteElo "2545"]
[BlackElo "2485"]
[Annotator "Dautov,R"]
[PlyCount "77"]
[EventDate "1992.10.??"]
[EventType "swiss"]
[EventRounds "9"]
[EventCountry "RUS"]
[SourceTitle "CBM 033"]
[Source "ChessBase"]
[SourceDate "1993.04.01"]
[SourceVersion "1"]
[SourceVersionDate "1993.04.01"]
[SourceQuality "1"]

1. d4 Nf6 2. c4 e6 3. Nf3 b6 4. g3 Ba6 5. Qa4 Bb7 6. Bg2 c5 7. dxc5 bxc5 8. O-O
Be7 9. Nc3 O-O 10. Rd1 Qb6 11. Bf4 Rd8 12. Rd2 d5 13. cxd5 exd5 14. e3 {N} (14.
Qc2 Na6 15. a3 h6 16. Be5 d4 17. Na4 Qb5 18. b4 $2 cxb4 19. Nxd4 Rxd4 $1 20.
Rxd4 Bxg2 21. Kxg2 Qxe5 $17 {Olafsson,H-Bareev,E Hastings 1990}) (14. Ne5 $1
Na6 15. Rad1 Qe6 16. Nc4 Nb4 17. a3 Bc6 18. Qa5 d4 19. axb4 Bxg2 20. Kxg2 cxb4
$10 {Tukmakov,V-Aseev,K USSR(ch) 48/(693) 1989}) 14... Na6 15. Rad1 h6 16. h4 (
16. Be5 Nb4 {/\Bc6}) 16... Rac8 $10 (16... Nb4 17. Ne5 $13) 17. Be5 Nb4 $1 18.
Bxf6 Bxf6 (18... Qxf6 $2 19. Qxa7 Bc6 20. a3 Ra8 (20... Rd7 21. Qb6 Rb7 22. Qa5
$16) 21. Qc7 Bd6 22. Ne4 dxe4 23. Rxd6 Rxd6 24. Rxd6 Qxb2 25. Ne5 $16) 19. a3
Bc6 20. Qb3 Na6 21. Qa2 $2 (21. Qxb6 axb6 22. Nxd5 Bxd5 23. Rxd5 Rxd5 24. Rxd5
Bxb2 25. Rd6 Bxa3 (25... Rb8 26. Nd2) (25... c4 26. Rxb6 c3 27. Nd4) 26. Rxb6
Nb4 27. Bh3 $10) 21... Nc7 (21... d4 22. exd4 cxd4 23. Ne2 Bd5 24. Qb1 Bb3 25.
Rc1 Rxc1+ 26. Nxc1 Be6 $15) 22. Ne2 (22. Nh2 $5 $15) 22... Ne6 23. Nh2 Ba4 24.
Re1 Bb3 25. Qb1 Qa5 $17 26. Qc1 g6 27. Nf4 Nxf4 28. exf4 Re8 29. Rde2 Rxe2 30.
Rxe2 Bc4 31. Rd2 d4 32. Ng4 Bg7 33. Ne5 Be6 34. Re2 {/\Ng6} (34. Rc2 Bxe5 35.
fxe5 d3 36. Rc3 c4 $17) 34... Qb6 35. Bf1 (35. Nc4 Qb3 36. Nd6 Rb8 $17) 35...
c4 $19 36. Re4 d3 37. h5 (37. Nxc4 Qb3 $19) 37... gxh5 38. f5 Bxf5 39. Nxc4 $2
(39. Nxc4 $2 Bxe4) 0-1

[Event "Moscow Alekhine op"]
[Site "Moscow"]
[Date "1992.??.??"]
[Round "?"]
[White "Lputian, Smbat G"]
[Black "Brodsky, Michail"]
[Result "1/2-1/2"]
[WhiteElo "2585"]
[BlackElo "2540"]
[Annotator "Dautov,R"]
[PlyCount "67"]
[EventDate "1992.10.??"]
[EventType "swiss"]
[EventRounds "9"]
[EventCountry "RUS"]
[SourceTitle "CBM 033"]
[Source "ChessBase"]
[SourceDate "1993.04.01"]
[SourceVersion "1"]
[SourceVersionDate "1993.04.01"]
[SourceQuality "1"]

1. d4 Nf6 2. Nf3 e6 3. c4 b6 4. g3 Ba6 5. Qc2 Bb7 6. Nc3 Bb4 7. Bg2 O-O 8. O-O
a5 {N} (8... Bxc3 9. Qxc3 d6 10. b4 Nbd7 11. Bb2 Re8 12. Rfd1 a5 13. a3 axb4
14. axb4 b5 $6 15. cxb5 Nb6 16. Ra5 Qd7 17. Rc1 Rec8 $2 18. Ne5 $1 $18 {
Yurtaev,L-Romanishin,O URS-FL56 Simferopol 1988}) (8... Bxc3 9. Qxc3 d6 10. b3
Nbd7 11. Bb2 Qe7 12. Rad1 Ne4 13. Qc2 f5 14. d5 Rac8 15. Nd4 exd5 16. cxd5 Bxd5
17. f3 c5 18. Nb5 Nef6 19. e4 fxe4 20. Nxd6 Qxd6 21. fxe4 Nxe4 22. Rxf8+ Qxf8
23. Rxd5 Nef6 24. Rd2 $44 {Anastasian,A-Kurajica,B Moscow Alekhine op 1992}) 9.
Rd1 Bxc3 10. Qxc3 d6 11. b3 Nbd7 12. Bb2 Re8 13. Rac1 Rc8 14. a3 (14. Bh3 $5
Qe7 15. Nd2 c5 16. e4 $1 $14) (14. e3 $5 {/\d5} c5 15. d5 exd5 16. Nh4 $1 Ne5 (
16... d4 17. exd4 Bxg2 18. Kxg2 $14) 17. cxd5 b5 18. e4 b4 19. Qe3 $14) 14...
Qe7 15. b4 axb4 16. axb4 c5 $1 17. dxc5 bxc5 (17... dxc5 18. b5 $14 {/^ a1-h8})
18. b5 Nb6 $10 19. Qa5 Nfd7 (19... Qc7 $6 20. Bxf6 gxf6 21. Qd2 Red8 22. Qf4
Qe7 23. e4 $14) 20. Qd2 d5 21. cxd5 exd5 22. Nh4 g6 $1 (22... Qxe2 23. Nf5 Qxd2
24. Rxd2 $36) 23. e3 Ne5 24. Qe2 Red8 25. Nf3 Nec4 26. Ba1 f6 (26... Ra8 $5 {
/\Ra5,Rda8}) 27. Nd2 $1 Ne5 28. Nb3 Rc7 29. Na5 Ba8 30. Rc2 Kg7 $6 31. Rdc1
Rdc8 32. g4 $1 Kg8 33. h4 Qe6 34. Nb3 (34. g5 $1 fxg5 35. hxg5 Qf5 {/\d4} 36.
f4 Nd3 37. Rd1 c4 38. Bd4 $16) (34. g5 f5 35. Nb3 Ned7 $14 (35... Nbc4 36. Nd4
$1 Qf7 (36... Qb6 $2 37. Nc6 $1 $16) 37. b6 $36) (35... Nbd7 36. Bxe5 Qxe5 37.
b6 $1)) (34. Nb3 c4 $1 $13) 1/2-1/2

[Event "Moscow Alekhine op"]
[Site "Moscow"]
[Date "1992.??.??"]
[Round "?"]
[White "Sturua, Zurab"]
[Black "Kiselev, Sergey"]
[Result "1-0"]
[WhiteElo "2545"]
[BlackElo "2530"]
[Annotator "Dautov,R"]
[PlyCount "72"]
[EventDate "1992.10.??"]
[EventType "swiss"]
[EventRounds "9"]
[EventCountry "RUS"]
[SourceTitle "CBM 033"]
[Source "ChessBase"]
[SourceDate "1993.04.01"]
[SourceVersion "1"]
[SourceVersionDate "1993.04.01"]
[SourceQuality "1"]

1. d4 Nf6 2. c4 e6 3. Nf3 b6 4. g3 Ba6 5. Nbd2 Bb7 6. Bg2 c5 7. e4 cxd4 8. e5
Ng4 9. O-O Qc7 10. Re1 f6 11. exf6 $5 {N} (11. Ne4 Nxe5 12. Nxe5 fxe5 13. Bg5
$16 {Timman}) (11. h3 Nxe5 12. Nxe5 fxe5 13. Bxb7 Qxb7 14. Qh5+ Kd8 15. Nf3 (
15. Qxe5 Nc6 16. Qg5+ Be7 (16... Kc8 $5 17. Ne4 $44) 17. Qxg7 Kc7 18. Ne4 Rag8
19. Bf4+ Kd8 20. Qh6 e5 21. Bg5 Rg6 22. Bxe7+ Kxe7 23. Qh4+ Ke8 24. f4 $16 {
Blees,A-Luce,S Budapest Noviki-B 1990}) 15... d6 16. Ng5 g6 17. Qg4 Kc8 18. f4
Nc6 19. fxe5 Qd7 20. exd6 e5 $10 {Timman,J-Agdestein,S Reykjavik 1987 43/678})
11... Nxf6 12. Nb3 Bb4 (12... Qxc4 13. Bf4 $36 {/\Ne5,Rc1}) 13. Re2 O-O 14. Bf4
Qxc4 $2 (14... Bd6 15. Bxd6 Qxd6 16. Qxd4 Qxd4 17. Nbxd4 $14) 15. Rc2 $1 Qa6 (
15... Qd5 16. Nh4 Ne4 17. Re2 Rxf4 18. gxf4 Qh5 19. Bxe4 Bxe4 20. Rxe4 Qxh4 21.
Nxd4 $16) 16. Bf1 b5 (16... Qa4 17. Nfxd4 Ba6 (17... a6 $2 18. a3 Be7 19. Rc4
$18) 18. Bg2 Nd5 19. Nxe6 dxe6 20. Bxd5 exd5 21. Qxd5+ Kh8 22. Qxa8 $18) 17.
Nfxd4 $16 Nd5 (17... Bc6 18. a4 Qb7 19. Nxc6 dxc6 20. axb5 cxb5 21. Rc7 $16)
18. Bxb5 Qb6 19. Bxb8 Raxb8 20. Bxd7 Rbd8 (20... e5 21. Nc6 $16) 21. Bc6 e5 22.
Bxb7 Qxb7 23. Nc6 Ne3 24. Qe2 Nxc2 25. Nxd8 Qc8 26. Rd1 (26. Rc1 Nd4 27. Rxc8
Nxe2+ 28. Kf1 Nd4 29. Nxd4 exd4 30. Rc4 $16) 26... Ne1 27. Qe4 Rxd8 28. Rxd8+
Qxd8 29. Qc4+ Kh8 30. Qxb4 Nf3+ 31. Kg2 Qa8 32. Nc5 $1 $18 Ne1+ 33. Kf1 Nf3 34.
h4 h6 35. Qb7 Qf8 36. Ne6 Qf6 (36... Qf6 37. Qc8+ Kh7 38. Nf8+ Kg8 39. Nd7+)
1-0

[Event "Interpolis"]
[Site "Tilburg"]
[Date "1992.10.08"]
[Round "1.1"]
[White "Pinter, Jozsef"]
[Black "Vyzmanavin, Alexey"]
[Result "0-1"]
[WhiteElo "2590"]
[BlackElo "2580"]
[Annotator "Dautov,R"]
[PlyCount "88"]
[EventDate "1992.10.08"]
[EventType "k.o."]
[EventRounds "7"]
[EventCountry "NED"]
[SourceTitle "CBM 032"]
[Source "ChessBase"]
[SourceDate "1993.02.01"]
[SourceVersion "1"]
[SourceVersionDate "1993.02.01"]
[SourceQuality "1"]

1. d4 Nf6 2. c4 e6 3. Nf3 b6 4. g3 Ba6 5. b3 Bb4+ 6. Bd2 Be7 7. Nc3 d5 8. cxd5
exd5 9. Bg2 O-O 10. O-O Bb7 11. Rc1 (11. Ne5 Nbd7 12. Bf4 c6 13. Qc2 Nh5 14.
Be3 Nxe5 15. dxe5 g6 16. Rad1 Re8 17. f4 f5 18. exf6 Bxf6 19. Bf2 Bxc3 20. Qxc3
Rxe2 21. a4 Qf6 22. Bd4 Qf5 23. Qf3 Qc2 24. Rc1 Rxg2+ 25. Qxg2 Qxg2+ 26. Kxg2
c5 27. Be5 d4+ $10 {Georgiev,Ki-Vyzmanavin,A Calcutta 1992}) (11. Qc2 Nbd7 12.
Rfd1 c6 13. Qb2 (13. Bf4 Nh5 14. Be5 f6 15. Bf4 f5 16. Be3 g6 17. Qd2 Ng7 18.
Bh6 Bd6 19. Bf4 Ba3 20. h4 Rc8 {1/4:1/4 Khalifman,A-Vyzmanavin,A Sochi-A 1989})
13... Re8 14. Rac1 Nf8 15. b4 Ne6 16. Be1 Rb8 17. e3 Bd6 18. Ne5 Qe7 19. Rb1
Nc7 (19... c5 $5) 20. f4 c5 21. b5 Qe6 22. Qe2 cxd4 23. exd4 Ne4 $10 {Eingorn,
V-Vyzmanavin,A URS-ch Leningrad 1990}) (11. Bf4 Nbd7 12. Qc2 Nh5 (12... c5 13.
Rad1 Rc8 14. Nb5 a6 15. Nd6 Bxd6 16. Bxd6 Re8 17. Bf4 $14) 13. Bd2 c6 14. Rab1
Re8 15. b4 Nhf6 16. Bf4 Bf8 17. Rfd1 h6 18. Ne5 Nxe5 19. dxe5 Nh5 20. b5 Nxf4
21. gxf4 Rc8 22. Qb3 Qh4 23. e3 Re6 $13 {Weih,K-Hertneck,G BL 8686
Sindelfingen-Bayern 1986}) 11... Nbd7 (11... Re8 12. Ne5 Nbd7 13. Bf4 c6 14. e4
Nf8 15. exd5 cxd5 16. Bh3 Ba3 17. Rc2 a6 18. Na4 Ne6 19. Bc1 Bd6 {1/4:1/4
Epishin,V-Aseev,K SSSR(ch) 1991 53/(506)}) 12. Rc2 Re8 13. Qc1 Nf8 14. Rd1 Ne6
15. Be3 c6 16. Qb2 Bf8 17. Ne5 (17. b4 Rb8 $5 18. a3 c5 $132) 17... Qe7 $10 18.
Na4 Rac8 19. Nd3 g6 20. Bh3 (20. b4 Ba6 21. a3 Bc4) 20... Bg7 21. Nf4 Ne4 22.
Qc1 f5 23. Bf1 Nf8 24. Bg2 Nd7 25. Nd3 Bf6 26. Nc3 Bg7 27. a3 Ndf6 (27... c5 $6
28. Nf4 {><d5}) 28. Bf3 Nxc3 (28... c5 $5 29. dxc5 bxc5 30. Na4 d4 31. Bf4 Nd7
32. b4 cxb4 33. axb4 $13) 29. Rxc3 Ne4 30. Rc2 c5 31. dxc5 d4 32. Bd2 $2 (32.
Bh6 Bxh6 33. Qxh6 bxc5 $15) (32. c6 $1 Ba8 (32... dxe3 33. cxb7 Qxb7 34. Rxc8
exf2+ 35. Nxf2 Rxc8 36. Qf4 $10) 33. Bh6 Nc3 (33... Bxh6 34. Qxh6 Nc3 $2 35.
Nf4 $1 $16) 34. Bxg7 Qxg7 35. Re1 Bxc6 36. Bxc6 Rxc6 37. e3 Rce6 $10) 32...
bxc5 $17 33. b4 c4 $1 $19 34. Rxc4 Nc3 35. Rxc3 (35. Rxc8 Nxe2+ 36. Bxe2 Rxc8
37. Qxc8+ (37. Qb1 Qe4 $1 38. f3 Qxe2 $19) 37... Bxc8 38. Re1 {/\Nc5,Bc4} Ba6
$1 $19) 35... dxc3 36. Bg5 Qf7 37. Bxb7 Qxb7 38. Nc5 Qb5 39. e4 fxe4 40. Qc2
Qc4 41. Rd7 e3 42. Bxe3 (42. fxe3 Rf8 $19) 42... Rcd8 43. Rxa7 Bd4 44. Bxd4
Rxd4 0-1

[Event "Interpolis"]
[Site "Tilburg"]
[Date "1992.10.08"]
[Round "1.1"]
[White "Ehlvest, Jaan"]
[Black "Psakhis, Lev"]
[Result "1-0"]
[WhiteElo "2635"]
[BlackElo "2570"]
[Annotator "Dautov,R"]
[PlyCount "97"]
[EventDate "1992.10.08"]
[EventType "k.o."]
[EventRounds "7"]
[EventCountry "NED"]
[SourceTitle "CBM 032"]
[Source "ChessBase"]
[SourceDate "1993.02.01"]
[SourceVersion "1"]
[SourceVersionDate "1993.02.01"]
[SourceQuality "1"]

1. d4 Nf6 2. Nf3 e6 3. c4 b6 4. g3 Ba6 5. Nbd2 d5 6. cxd5 exd5 7. Bg2 Be7 8.
O-O O-O 9. Ne5 Bb7 (9... c5 10. dxc5 bxc5 $6 (10... Bxc5 11. Nb3 Re8 12. Nd3
Nbd7 $10) 11. b3 Bb7 12. Bb2 a5 13. e4 d4 (13... Nxe4 $142 14. Nxe4 dxe4 15.
Qc2 $44) 14. Nec4 Nfd7 15. Re1 Nb6 16. Nxb6 Qxb6 17. Nc4 Qd8 18. Bc1 Nd7 19.
Bd2 Ra6 20. a4 Qa8 21. Qc2 $16 {Romanishin,O-Psakhis,L USSR(ch) 1983 35/620})
10. Ndf3 c5 11. b3 Nbd7 12. Bb2 Re8 13. Rc1 Ne4 (13... Nf8 $2 14. Ng5 $16) 14.
Rc2 Nxe5 15. Nxe5 Bd6 16. Nd3 Rc8 17. Qc1 c4 (17... Qe7 18. Rd1 cxd4 $5 19.
Bxd4 Rxc2 20. Qxc2 Rc8 21. Qb1 Ba3 $10) 18. Ne5 b5 19. Bxe4 dxe4 20. bxc4 Bxe5
21. dxe5 bxc4 22. Bc3 (22. Rxc4 $6 Qd5 23. Rxc8 Rxc8 24. Qb1 e3 25. f3 Ba6 $44)
22... Qe7 $10 23. Qe3 Qc5 24. Bd4 Qa5 25. Rb1 Ba8 26. Bc3 Qc5 27. Qxc5 Rxc5 28.
Rcb2 h6 (28... h5 $142 29. a4 Rd8 30. a5 Rcd5 $10) 29. a4 Rd8 30. a5 Rcd5 31.
Kg2 Kh7 (31... e3 $1 32. f3 Rd2 33. g4 (33. Bxd2 exd2 34. Rxd2 Rxd2 35. Rb8+
Kh7 36. Rxa8 Rxe2+ 37. Kf1 $10) 33... Bc6 34. Kg3 g5 35. Rb8 Kh7 36. Rxd8 Rxd8
$10 {/\Rd2}) 32. g4 Bc6 (32... e3 $1 33. f3 Rd2 $10) 33. Kg3 Rd1 $2 (33... Rd3+
34. exd3 Rxd3+ 35. Kg2 $8 Rxc3 36. Kg1 Ra3 37. Rc2 Bd5 38. Rb5 Be6 $10) (33...
g5 $5 34. Rb8 Rd1 35. Rxd1 Rxd1 36. e6 fxe6 37. Rh8+ Kg6 38. Rg8+ Kf7 39. Rg7+
Ke8 40. Rxa7 Rc1 $10) 34. Kf4 Kg6 $16 {><e4} 35. Rxd1 (35. Rb4 $5 Rxb1 36. Rxb1
{/\Rb4} Rd5 37. Rb8 Rd1 38. Rc8 Bd5 39. Rd8 $16) 35... Rxd1 36. Rb4 Rc1 $2 (
36... Bd5 37. Rb5 Be6 38. Kxe4 Bxg4 39. f3 Bf5+ 40. Ke3 Rc1 41. Kd4 $16) 37.
Rxc4 Bb5 38. Rc7 a6 (38... Bxe2 39. e6 f6 40. h4 h5 41. g5 Bd3 42. Rxg7+ Kxg7
43. gxf6+ Kg6 44. f7 $18) 39. e6 f6 40. h4 $18 Bxe2 (40... h5 41. g5 Bxe2 42.
Kxe4 $18) 41. h5+ Kh7 42. e7 Bb5 43. Kf5 $1 Rc2 44. Ke6 Rxf2 45. Rd7 Bc4+ 46.
Rd5 Rc2 47. e8=Q Rxc3 48. Qg6+ Kh8 49. Qxe4 1-0

[Event "Moscow Alekhine op"]
[Site "Moscow"]
[Date "1992.??.??"]
[Round "?"]
[White "Ehlvest, Jaan"]
[Black "Epishin, Vladimir"]
[Result "0-1"]
[WhiteElo "2635"]
[BlackElo "2630"]
[Annotator "Dautov,R"]
[PlyCount "152"]
[EventDate "1992.10.??"]
[EventType "swiss"]
[EventRounds "9"]
[EventCountry "RUS"]
[SourceTitle "CBM 033"]
[Source "ChessBase"]
[SourceDate "1993.04.01"]
[SourceVersion "1"]
[SourceVersionDate "1993.04.01"]
[SourceQuality "1"]

1. d4 Nf6 2. Nf3 e6 3. c4 b6 4. g3 Ba6 5. Nbd2 Bb7 6. Bg2 c5 7. e4 cxd4 8. e5
Ng8 9. O-O Bc5 {N} (9... d6 $6 10. Nxd4 Bxg2 11. Kxg2 a6 (11... dxe5 12. Qf3
Nd7 13. Nb5 $16) 12. exd6 Bxd6 13. Qf3 Ra7 14. Ne4 $36) (9... Qc8 10. Nb3 Nc6
11. Nbxd4 Nxd4 12. Qxd4 Ne7 13. b3 Nf5 14. Qd3 Bc5 15. Bd2 $14 {Karner,H-Fokin,
S SSSR 1979 29/(522)}) 10. Nb3 (10. Re1 $6 Ne7 11. Nb3 Bxf3 12. Qxf3 Nbc6 13.
Bg5 Rc8 14. Rad1 d6 15. Bxe7 Qxe7 16. exd6 Qxd6 17. Qg4 O-O 18. Bxc6 Qxc6 19.
Nxd4 Qa4 20. Qe2 Bxd4 21. Rxd4 Qxa2 $15 {Elvest,J-Sturua,Z Helsinki op 1992})
10... Qc7 11. Nbxd4 Bxd4 12. Qxd4 Ne7 13. b3 Nf5 14. Qf4 Nc6 (14... O-O 15. Ba3
Re8 16. g4 $16) 15. Re1 Nce7 (15... f6 $2 16. exf6 Qxf4 17. fxg7 $1 $18) 16.
Ba3 (16. Bb2 $1 Ng6 17. Qd2 O-O 18. h4 $16) 16... f6 17. Bd6 (17. exf6 $2 Qxf4
18. fxg7 Rg8 19. gxf4 Rxg7 $17 {/\Rg2}) (17. Bb2 $5 Ng6 (17... g5 18. Qd2 g4
19. exf6 gxf3 20. fxe7 Rg8 21. Bh1 Nxe7 22. Qd3 $16) 18. Qd2 Nxe5 19. Nxe5 Bxg2
20. Nxd7 Qxd7 21. Qxd7+ Kxd7 22. Kxg2 $14) 17... fxe5 18. Bxc7 exf4 19. Bxf4
Rf8 20. Rad1 (20. Ng5 Bxg2 21. Kxg2 h6 (21... Nh4+ $2 22. Kh1) 22. Ne4 O-O-O
23. Nd6+ (23. g4 $4 Nh4+ 24. Kg3 g5 $19) 23... Nxd6 24. Bxd6 Rf7 25. f4 $14)
20... O-O-O 21. Rd3 (21. Ng5) 21... h6 22. Bd2 g5 23. h3 Ng6 24. Bc3 Rf7 25.
Nd4 Bxg2 26. Kxg2 Nxd4 27. Bxd4 Rf5 (27... Ne7 $142 $14) 28. Rf3 Rdf8 29. Rxf5
Rxf5 30. Re3 $1 Kc7 31. Rf3 h5 32. b4 d6 33. b5 $1 {><a7} g4 34. hxg4 hxg4 35.
Ra3 Kb7 36. Re3 $1 e5 37. Bc3 $16 {><a7,d6} Nf8 38. Bb4 Rf6 39. f3 Rg6 40. fxg4
Nd7 41. g5 (41. Rd3 Kc7 42. g5 $16) 41... a5 (41... Nc5 42. Bxc5 bxc5 43. g4
Rxg5 44. Kg3 $18) 42. Ba3 Kc7 43. Rd3 e4 44. Re3 Rxg5 45. Rxe4 $18 d5 46. Rd4
dxc4 47. Bd6+ Kd8 48. a4 Rg6 49. Bf4 c3 50. Rc4 Re6 51. Kf3 Re1 52. Bc7+ Ke7
53. Rxc3 Ra1 54. Re3+ (54. Rc4 Ke6) 54... Kf7 55. Bd8 (55. Bd6 Nf6) 55... Rd1
56. Re7+ Kg6 57. Bc7 Kf6 58. Re4 Kf7 59. Rc4 $6 (59. g4 $142 Rc1 60. Bd6 Nc5
61. Bxc5 Rxc5 62. Kf4 $18) 59... Ra1 60. Kf4 Ke6 61. Kg5 Kd5 62. Rh4 Nc5 $2 (
62... Rc1 $1 63. Bd8 Rc8 64. Be7 Rg8+ 65. Kf4 Ne5 $132) 63. Bxb6 Ne4+ 64. Kg6
Rxa4 65. Bc7 Rb4 66. Rh5+ Kc4 67. b6 a4 68. Ra5 Nc5 69. Bd6 $4 (69. g4 Nd7 70.
Kf7 Kb3 71. g5 Nxb6 72. g6 $18) 69... Rxb6 70. Rxc5+ Kd4 $10 71. Ra5 Rxd6+ 72.
Kf5 $4 (72. Kf7 Ke4 73. g4 a3 74. g5 Rd5 $10) 72... Rd5+ $19 73. Rxd5+ Kxd5 74.
g4 a3 75. g5 a2 76. g6 a1=Q 0-1

[Event "Moscow Alekhine op"]
[Site "Moscow"]
[Date "1992.??.??"]
[Round "?"]
[White "Anastasian, Ashot"]
[Black "Brodsky, Michail"]
[Result "1-0"]
[WhiteElo "2490"]
[BlackElo "2540"]
[Annotator "Dautov,R"]
[PlyCount "107"]
[EventDate "1992.10.??"]
[EventType "swiss"]
[EventRounds "9"]
[EventCountry "RUS"]
[SourceTitle "CBM 033"]
[Source "ChessBase"]
[SourceDate "1993.04.01"]
[SourceVersion "1"]
[SourceVersionDate "1993.04.01"]
[SourceQuality "1"]

1. d4 Nf6 2. c4 e6 3. Nf3 b6 4. g3 Ba6 5. Qc2 c5 6. Bg2 Nc6 7. dxc5 Bxc5 8. O-O
O-O (8... Rc8 9. Qa4 Nb8 10. b4 (10. Bf4 $2 Bxc4 $1 $17 {Ghitescu,Th-Foisor,O
Romania(ch) 1982}) 10... Be7 11. b5 Bb7 12. Qxa7 $14) (8... Nb4 9. Qc3 Be7 10.
a3 Nc6 11. b4 $14) 9. Bg5 $5 {N} Rc8 (9... Nb4 10. Qb3 (10. Qc3 $2 Ne4 11. Bxd8
Nxc3 12. bxc3 Nc2 13. Bg5 Nxa1 14. Rc1 Bxc4 15. Nbd2 Bxa2 16. Rxa1 Bd5 $15)
10... d5 11. Nbd2 $13) (9... h6 $142 $1 10. Bxf6 Qxf6 11. Nc3 Qe7 $10) 10. Qa4
Bb7 11. Nc3 h6 12. Bf4 $1 Qe7 (12... Nh5 $5 13. Bd2 Qc7 $10) 13. a3 a5 $2 (
13... Bd6 $142 14. Bxd6 Qxd6 15. Rfd1 Qb8 16. Nb5 $140 Ne4 $1) 14. Rad1 Rfd8
15. Ne5 $16 {><b5,b6} Ba8 16. Nd3 $1 (16. Nxc6 Bxc6 17. Bxc6 Rxc6 $14 (17...
dxc6 18. Rxd8+ Qxd8 19. Qb3 $1 $16 {/\Ne4})) 16... Nh5 17. Bc1 Bd4 (17... Nd4
18. Bxa8 Rxa8 19. Be3 $5 Nf5 20. Bxc5 bxc5 21. Ne4 {/\g4}) 18. Nb5 Nf6 19. Bf4
Ne8 20. Rd2 Bf6 21. Rfd1 d5 22. cxd5 exd5 23. Rc2 Na7 24. Nxa7 Qxa7 25. Rdc1
Rxc2 26. Rxc2 Qe7 27. Qb5 Qe6 28. h4 g5 $5 29. hxg5 hxg5 30. Bc1 (30. Be3 d4
31. Bxg5 $2 Nd6 32. Nf4 Qg4 33. Bxf6 Nxb5 34. Bxd8 Bxg2 35. Kxg2 Qd7 $10) 30...
Rb8 {/\Nd6-e4} 31. Ne1 $1 (31. Nc5 Qf5 32. Qd3 Qxd3 33. Nxd3 Nd6 $14) 31... Nd6
32. Qd3 Ne4 33. Nf3 {/\Be3-d4} Nc5 34. Qd1 Qf5 35. Be3 Bc6 36. Rd2 (36. Bxc5 $2
Ba4 37. e4 Bxc2 38. Qxc2 Qxe4 $17) (36. b3 $5 $16) 36... Ba4 37. Rxd5 Qxf3 38.
Bxf3 Bxd1 39. Rxd1 Bxb2 40. Bxg5 Bxa3 41. Bf6 $1 $40 Ne6 $6 (41... b5 42. Rd5
Ne6 (42... Kh7 43. g4 $40) 43. Rh5 Ng7 44. Rg5 Bf8 45. Be5 Rc8 46. Bxg7 Bxg7
47. Rxb5 $16) 42. Rd7 $1 Nf8 (42... b5 43. Bh5 Rf8 44. Rb7 b4 45. Ra7 b3 46.
Rxa5 b2 47. Rb5 $18) 43. Ra7 Nh7 44. Be5 Rd8 45. Bh5 f6 (45... Rf8 46. Bd4 $18)
46. Bf7+ Kh8 47. Bc3 $18 {/\Bg6} Rc8 (47... Bb4 48. Bxb4 axb4 49. f4 $18) 48.
Bd2 Bc1 49. Be6 Rd8 50. Bc3 Bh6 51. Bf5 Bg7 52. Bxh7 Kxh7 53. Bxf6 Rg8 54. Kf1
1-0

[Event "Moscow Alekhine op"]
[Site "Moscow"]
[Date "1992.??.??"]
[Round "?"]
[White "Epishin, Vladimir"]
[Black "Shneider, Aleksandr"]
[Result "1-0"]
[WhiteElo "2630"]
[BlackElo "2545"]
[Annotator "Dautov,R"]
[PlyCount "87"]
[EventDate "1992.10.??"]
[EventType "swiss"]
[EventRounds "9"]
[EventCountry "RUS"]
[SourceTitle "CBM 033"]
[Source "ChessBase"]
[SourceDate "1993.04.01"]
[SourceVersion "1"]
[SourceVersionDate "1993.04.01"]
[SourceQuality "1"]

1. d4 Nf6 2. c4 e6 3. Nf3 b6 4. g3 Ba6 5. b3 Bb4+ 6. Bd2 Be7 7. Bc3 d5 8. Ne5
Nfd7 9. Nxd7 Nxd7 10. Bg2 c6 11. Nd2 O-O 12. O-O Rc8 13. e4 b5 14. Re1 dxe4 15.
Nxe4 (15. Bxe4 bxc4 16. bxc4 c5 17. d5 exd5 18. Bxd5 Bf6 19. Rc1 Nb6 20. Ba5
Qd7 21. Bxb6 axb6 22. a4 h6 23. Qb3 Qc7 24. Ne4 Be5 $10 {Dzhandzhava,
L-Chandler,M London Lloyds 1990}) (15. Bxe4 c5 16. d5 exd5 17. Bxd5 Bf6 18.
Bxf6 Nxf6 19. cxb5 Bxb5 20. Bg2 Qa5 21. Qc2 Rfd8 22. Rad1 Bd3 23. Qb2 Qb4 $10 {
Chernin,A-Timman,J Amsterdam 44/664 1987}) 15... bxc4 16. Qe2 Rc7 {N} (16...
Nf6 17. Rac1 Nxe4 18. Bxe4 Bf6 19. Red1 Qe7 (19... Qc7 20. bxc4 c5 21. d5 Bxc3
22. Rxc3 exd5 23. Bxd5 $14) 20. Qh5 g6 21. Qa5 Qb7 22. bxc4 Bxc4 23. Bb4 Qb5
24. Qxb5 cxb5 25. Bxf8 Rxf8 {Vyzmanavin,A-Magerramov,E Cheliabinsk 1990}) (
16... c5 $5 17. dxc5 Nxc5 18. Qg4 (18. Rad1 $6 Nd3 19. bxc4 Bxc4 20. Bf1 Qd5 $1
) 18... g6 19. Nxc5 Rxc5 20. Rad1 Qc8 21. Qd4 f6 (21... e5 $2 22. Rxe5 Rd8 23.
Qxd8+ $18) 22. Bh3 Rc6 23. Qd7 $36) 17. Rad1 Qc8 18. Bf1 $1 (18. bxc4 $6 Nb6
19. Nd2 c5 $15) 18... Rd8 (18... c5 19. d5 exd5 20. Rxd5 Nb6 (20... Bb7 21. Nd6
Bxd6 22. Rxd6 cxb3 23. Bh3 $44) 21. Re5 $36) 19. a4 $5 {/\a5,bc4,/\20.bc4 Nb6
21.Qa2} (19. Ba5 Nb6 20. Nc5 Bf6 21. Qe4 $16) 19... Nb6 20. Nc5 Nd5 21. Ba5 Nb6
22. Qe4 Bf6 23. bxc4 $16 Bxc4 $5 24. Bxc4 Nxc4 25. Bxc7 Qxc7 26. Qc2 Nd6 27.
Nb3 {/\d5} Qb6 (27... Nf5 $2 28. d5 $1 $18) 28. Re3 $1 Nf5 29. Rc3 Bxd4 (29...
Ne7 $16) 30. a5 $1 (30. Rxc6 $4 Bxf2+ 31. Kg2 Ne3+ $19) 30... Qb7 31. g4 (31.
Rxc6 $18) 31... Qe7 32. Rcd3 (32. gxf5 Bxc3 33. Rxd8+ Qxd8 34. Qxc3 exf5 $16)
32... Qg5 33. Qe2 c5 (33... e5 34. Qxe5 Qxg4+ 35. Kf1 c5 36. Qxc5 $18) 34. Nxc5
e5 35. Kf1 (35. Qxe5 Qxg4+ 36. Kf1 h5 37. Qe4 $18) 35... Nh4 (35... Ne7 $142
36. Nb3 Nc6 37. Qe4 Qh6) 36. Nb3 $18 h5 (36... Ng6 37. Nxd4 Nf4 38. Nf3 $18)
37. Nxd4 exd4 38. Rxd4 Rxd4 39. Rxd4 Qxa5 40. gxh5 Nf5 41. Qe8+ Kh7 42. Rd8
Qa1+ 43. Kg2 Kh6 44. Qe4 1-0